01366nam a2200349 a 4500001001100000003000800011006001900019007001500038008004100053010001700094020002200111040002100133035002000154050002400174082001700198100001800215245007900233260004400312300001500356490002400371504005200395533015200447600005900599650002600658651004300684651004300727651005000770655002900820710001700849830002500866856012500891ebr5002677CaPaEBRm u cr cn|||||||||930325s1994 enk sb 000 0deng  z 93019320  z0415073529 (pbk.) aCaPaEBRcCaPaEBR a(OCoLC)5058409914aBR756b.D665 1994eb04a274.2/062201 aDoran, Susan.10aElizabeth I and religion, 1558-1603h[electronic resource] /cSusan Doran. aLondon ;aNew York :bRoutledge,c1994. axiv, 73 p.1 aLancaster pamphlets aIncludes bibliographical references (p. 71-73). aElectronic reproduction.bPalo Alto, Calif. :cebrary,d2013.nAvailable via World Wide Web.nAccess may be limited to ebrary affiliated libraries.00aElizabethbI,cQueen of England,d1533-1603xReligion. 0aReformationzEngland. 0aEnglandxChurch historyy16th century. 0aEnglandxChurch historyy17th century. 0aGreat BritainxHistoryyElizabeth, 1558-1603. 7aElectronic books.2local2 aebrary, Inc. 0aLancaster pamphlets.40uhttp://site.ebrary.com/lib/rucke/Doc?id=5002677zAn electronic book accessible through the World Wide Web; click to view